Á lódáil...

Kochu viplavakarikal: Jeevacharithrangal,

Sonraí Bibleagrafaíochta
Príomhúdar: Asharani Vohara
Formáid: Printed Book
Foilsithe: Thiruvananthapuram: Sahitya pravarthaka sahakarana sangham, 2014.
Ábhair:
LEADER 00623nam a22001697a 4500
020 |a 9789384075095 
082 |a M 954  |b ASH/K 
100 |a Asharani Vohara.  |9 8680 
245 |a Kochu viplavakarikal:  |b Jeevacharithrangal,  |c by Asharani Vohara. 
260 |a Thiruvananthapuram:  |b Sahitya pravarthaka sahakarana sangham,  |c 2014. 
300 |a 157p. 
600 |a K V Kumaran (tr.)  |9 8681 
650 |a History  |9 8682 
650 |a India  |9 8683 
942 |c BK 
999 |c 63943  |d 63943 
952 |0 0  |1 0  |4 0  |6 M_954_000000000000000_ASH_K  |7 0  |9 85421  |a SSUS  |b SSUS  |c STACKS  |d 2017-01-09  |g 120.00  |l 1  |o M 954 ASH/K  |p 083027  |r 2018-04-30  |s 2018-04-27  |w 2017-01-09  |y BK